| 000 -ლიდერი |
| ფიქსირებული სიგრძის საკონტროლო ველი |
01302nam a22002297a 4500 |
| 003 - საკონტროლო ნომრის იდენტიფიკატორი |
| საკონტროლო ველი |
Ge_BSU |
| 005 - ბოლო ოპერაციის თარიღი და დრო |
| საკონტროლო ველი |
20241008113359.0 |
| 008 - ფიქსირებული სიგრძის მონაცემთა ელემენტები - ზოგადი ინფორმაცია |
| ფიქსირებული სიგრძის საკონტროლო ველი |
241008s1963 ge ||||| |||| 00| 0 geo d |
| 041 ## - ენის კოდი |
| Language code of text/sound track or separate title |
geo |
| 080 ## - უნივერსალური ათობითი კლასიფიკაციის ინდექსი |
| Universal Decimal Classification number |
904(479.221.1) : 726:27(479.221.1) მ-19 |
| 100 ## - მთავარი ჩანაწერი - პიროვნების სახელი |
| Personal name |
მაკალათია, სერგი |
| 9 (RLIN) |
21602 |
| 245 ## - ცნობა სათაურის შესახებ |
| Title |
ფრონის ხეობა : |
| Remainder of title |
[ხეობაში არსებული კულტურის ძეგლთა დახასიათება] / |
| Statement of responsibility, etc |
სერგი მაკალათია; რედ. ირ. არაბული. |
| 264 ## - წარმოების, გამოცემის, დისტრიბუციის და სხვა ცნობები |
| გამოცემის, წარმოების, დისტრიბუციის... ადგილი |
თბილისი : |
| გამოცემის, წარმოების, დისტრიბუციის... სახელწოდება |
საბჭ. საქართველო, |
| გამოცემის, წარმოების, დისტრიბუციის... თარიღი |
1963. |
| 300 ## - ფიზიკური აღწერა |
| Extent |
94 გვ. : |
| Other physical details |
ილ. ; |
| Dimensions |
20 სმ. |
| 504 ## - BIBLIOGRAPHY, ETC. NOTE |
| Bibliography, etc |
ბიბლიოგრ. შენიშვნებში. |
| 653 ## - INDEX TERM--UNCONTROLLED |
| Uncontrolled term |
მატერიალური კულტურის ძეგლები საქართველოში |
| 653 ## - INDEX TERM--UNCONTROLLED |
| Uncontrolled term |
ქართული ეკლესია-მონასტრები |
| 700 ## - ADDED ENTRY--PERSONAL NAME |
| Personal name |
არაბული, ირ. |
| Relator term |
რედაქტორი |
| 9 (RLIN) |
23335 |
| 773 ## - HOST ITEM ENTRY |
| Title |
ნაჩუქარი |
| 856 ## - ELECTRONIC LOCATION AND ACCESS |
| Uniform Resource Identifier |
https://dspace.nplg.gov.ge/bitstream/1234/59653/1/Fronis_Xeoba.pdf |
| Link text |
ელ. ვერსია |
| 942 ## - ADDED ENTRY ELEMENTS (KOHA) |
| Source of classification or shelving scheme |
|
| Koha item type |
წიგნი |